[Event "Hull 4NCL op-A"]
[Site "Hull"]
[Date "2023.09.10"]
[Round "5"]
[White "Krzyzanowski, Patryk"]
[Black "Bulford, Michael J"]
[Result "1-0"]
[WhiteElo "2090"]
[BlackElo "2285"]
[PlyCount "153"]
[EventDate "2023.09.08"]
[EventType "swiss"]
[EventRounds "5"]
[EventCountry "ENG"]
[SourceTitle "EXT 2024"]
[Source "ChessBase"]
[SourceDate "2023.10.10"]
[SourceVersion "1"]
[SourceVersionDate "2023.10.10"]
[SourceQuality "1"]

1. d4 Nf6 2. c4 e6 3. Nf3 d5 4. Nc3 c6 5. Bg5 Nbd7 6. cxd5 exd5 7. e3 Be7 8. Bd3 0-0 9. 0-0 Re8 10. Qc2 h6 11. Bh4 Ne4 12. Bxe7 Qxe7 13. b4 Qxb4 14. Nxe4 dxe4 15. Bxe4 Qe7 16. Bh7+ Kh8 17. Bf5 Nf8 18. Rab1 Bxf5 19. Qxf5 Kg8 20. h3 Rad8 21. Rfc1 Rd5 22. Qc2 Ne6 23. Qa4 a6 24. Qb3 Rb5 25. Qc4 Qa3 26. Ne5 Rd8 27. Qc2 Rdd5 28. Nc4 Qe7 29. a4 Rxb1 30. Rxb1 Nd8 31. Nb6 Rg5 32. Rb3 Rg6 33. d5 Qg5 34. Qe4 cxd5 35. Nxd5 Re6 36. Qc4 Rc6 37. Qe4 Re6 38. Qf3 Qe5 39. Nf4 Rd6 40. Rb1 Kh7 41. Ne2 Rf6 42. Qg4 Ne6 43. Rxb7 Qa1+ 44. Kh2 Rxf2 45. Nf4 Qf6 46. Rb6 Qe5 47. Qg3 Nxf4 48. exf4 Qxf4 49. Qxf4 Rxf4 50. Rxa6 f6 51. Ra7 Kg6 52. Kg3 Rf1 53. a5 Ra1 54. a6 Kf5 55. Rxg7 Rxa6 56. Kh4 Ra2 57. Kh5 Ra8 58. h4 Rh8 59. g3 Ra8 60. Rb7 Ke6 61. Kxh6 Ra3 62. g4 Ra4 63. Kh5 Ra8 64. Kg6 Ra4 65. g5 fxg5 66. hxg5 Rg4 67. Kh6 Rg2 68. g6 Rh2+ 69. Kg7 Rg2 70. Rb5 Rg1 71. Rb2 Rg3 72. Re2+ Kd6 73. Kf7 Rf3+ 74. Kg8 Rg3 75. g7 Rh3 76. Re8 Rh1 77. Re4 1-0

[Event "Daventry 4NCL op-A 30th"]
[Site "Daventry"]
[Date "2023.06.18"]
[Round "4"]
[White "Krzyzanowski, Patryk"]
[Black "Hebden, Mark"]
[Result "0-1"]
[WhiteElo "2092"]
[BlackElo "2439"]
[PlyCount "37"]
[EventDate "2023.06.16"]
[EventType "swiss"]
[EventRounds "5"]
[EventCountry "ENG"]
[SourceTitle "CBM 214 Extra"]
[Source "ChessBase"]
[SourceDate "2023.07.31"]
[SourceVersion "1"]
[SourceVersionDate "2023.07.31"]
[SourceQuality "1"]

1. d4 Nf6 2. c4 g6 3. Nf3 Bg7 4. Nc3 0-0 5. Bf4 c5 6. d5 d6 7. e4 Qb6 8. Qd2 e6 9. dxe6 Bxe6 10. Ng5 Re8 11. Be2 Nc6 12. Nxe6 Rxe6 13. f3 Nd4 14. 0-0 a6 15. Rab1 Qa5 16. Bd3 b5 17. b3 Nd7 18. Rfc1 Ne5 19. Bf1 0-1

[Event "World Amateur-ch"]
[Site "Mellieha"]
[Date "2022.10.22"]
[Round "2"]
[White "Krzyzanowski, Patryk"]
[Black "Ciganovic, Nikola"]
[Result "1-0"]
[WhiteElo "2097"]
[BlackElo "2215"]
[PlyCount "67"]
[EventDate "2022.10.21"]
[EventType "swiss"]
[EventRounds "9"]
[EventCountry "MLT"]
[SourceTitle "EXT 2024"]
[Source "ChessBase"]
[SourceDate "2023.10.10"]
[SourceVersion "1"]
[SourceVersionDate "2023.10.10"]
[SourceQuality "1"]

1. d4 Nf6 2. c4 g6 3. Nc3 Bg7 4. Nf3 0-0 5. Bf4 d6 6. e3 Nbd7 7. Be2 b6 8. 0-0 Bb7 9. h3 Re8 10. d5 e5 11. Bg5 h6 12. Bh4 g5 13. Bg3 Nc5 14. Nd2 e4 15. b4 Ncd7 16. Rc1 a5 17. a3 Qe7 18. Qc2 axb4 19. axb4 c6 20. Nb3 cxd5 21. Nd4 Ne5 22. Nf5 Qd7 23. Nxg7 Kxg7 24. cxd5 Rec8 25. Qb1 Nxd5 26. Nxe4 f5 27. Nxd6 Qxd6 28. Qxf5 Re8 29. Bd3 Bc8 30. Qh7+ Kf8 31. f4 Nxd3 32. fxg5+ N3f4 33. Bxf4 Nxf4 34. Rxf4+ 1-0

[Event "GBR-ch 106th"]
[Site "Torquay"]
[Date "2019.07.28"]
[Round "2"]
[White "Krzyzanowski, Patryk"]
[Black "Rudd, Jack"]
[Result "0-1"]
[WhiteElo "2114"]
[BlackElo "2275"]
[PlyCount "78"]
[EventDate "2019.07.27"]
[EventType "swiss"]
[EventRounds "9"]
[EventCountry "ENG"]
[SourceTitle "CBM 191 Extra"]
[Source "ChessBase"]
[SourceDate "2019.09.30"]
[SourceVersion "1"]
[SourceVersionDate "2019.09.30"]
[SourceQuality "1"]

1. c4 e6 2. Nf3 c5 3. g3 b6 4. Bg2 Bb7 5. 0-0 Nf6 6. Nc3 Be7 7. b3 0-0 8. Bb2 Nc6 9. d4 cxd4 10. Nxd4 Qc8 11. e4 d6 12. Rc1 Nxd4 13. Qxd4 Rd8 14. Kh1 Qc5 15. Qd2 Rac8 16. h3 Qc7 17. Kh2 Qb8 18. f4 a6 19. Qe2 Nd7 20. Nd1 Bc6 21. f5 e5 22. Nc3 b5 23. cxb5 axb5 24. Rfd1 Nf6 25. b4 Qb7 26. a3 Be8 27. g4 h6 28. h4 Rc4 29. g5 hxg5 30. hxg5 Nh7 31. g6 fxg6 32. fxg6 Bxg6 33. Nxb5 Rxc1 34. Rxc1 Bg5 35. Rc7 Bf4+ 36. Kh1 Qb6 37. Qc4+ d5 38. exd5 Qf2 39. Qc3 Be4 0-1

[Event "London Academy final op"]
[Site "London"]
[Date "2014.11.22"]
[Round "8"]
[White "Fodor, Tamas Jr"]
[Black "Krzyzanowski, Patryk"]
[Result "1-0"]
[WhiteElo "2502"]
[BlackElo "1982"]
[PlyCount "127"]
[EventDate "2014.11.19"]
[EventType "swiss"]
[EventRounds "9"]
[EventCountry "ENG"]
[SourceTitle "CBM 163 Extra"]
[Source "ChessBase"]
[SourceDate "2014.12.23"]
[SourceVersion "1"]
[SourceVersionDate "2014.12.23"]
[SourceQuality "1"]

1. d4 d5 2. c4 c6 3. Nc3 e6 4. Nf3 dxc4 5. e3 b5 6. a4 Bb4 7. Bd2 a5 8. axb5 Bxc3 9. Bxc3 cxb5 10. b3 Bb7 11. bxc4 b4 12. Bb2 Nf6 13. Bd3 Nbd7 14. 0-0 Qc7 15. Nd2 0-0 16. f4 a4 17. Rf2 Bc6 18. e4 a3 19. Bc1 Qb6 20. e5 Ba4 21. c5 Nxc5 22. dxc5 Qxc5 23. Qf3 Qd4 24. Ra2 Rfc8 25. Bxa3 bxa3 26. exf6 Rc1+ 27. Bf1 Bc6 28. Qg3 Qxf6 29. Rxa3 Rd8 30. Qe3 Qb2 31. Rb3 Qa1 32. Qb6 Qa8 33. Rb1 Rxb1 34. Qxb1 Qa7 35. Nc4 Ba4 36. Qa1 Rd1 37. Qa3 h6 38. Qe3 Qxe3 39. Nxe3 Rb1 40. Ra2 Rb4 41. g3 g6 42. Kf2 Kg7 43. Bg2 h5 44. Nf1 h4 45. Nd2 hxg3+ 46. hxg3 Kh6 47. Nf3 Bc6 48. Ne5 Bxg2 49. Kxg2 Rb7 50. Kf3 f6 51. Ng4+ Kg7 52. Ra6 Kf7 53. Nf2 Rb3+ 54. Kg4 Re3 55. Kh4 g5+ 56. fxg5 fxg5+ 57. Kg4 Kf6 58. Ra8 Re2 59. Kh5 Ke7 60. Ng4 Rg2 61. Ra3 Kd6 62. Kxg5 Rg1 63. Nf6 e5 64. g4 1-0

[Event "London Academy final op"]
[Site "London"]
[Date "2014.11.20"]
[Round "4"]
[White "Krzyzanowski, Patryk"]
[Black "Lyell, Mark"]
[Result "1/2-1/2"]
[WhiteElo "1982"]
[BlackElo "2294"]
[PlyCount "95"]
[EventDate "2014.11.19"]
[EventType "swiss"]
[EventRounds "9"]
[EventCountry "ENG"]
[SourceTitle "CBM 163 Extra"]
[Source "ChessBase"]
[SourceDate "2014.12.23"]
[SourceVersion "1"]
[SourceVersionDate "2014.12.23"]
[SourceQuality "1"]

1. d4 f5 2. Nf3 Nf6 3. Bg5 e6 4. Nbd2 d5 5. e3 Be7 6. Ne5 Nbd7 7. Bxf6 Bxf6 8. Nxd7 Bxd7 9. f4 0-0 10. Bd3 c5 11. c3 Qb6 12. Qb3 Qc7 13. Qd1 c4 14. Bc2 b5 15. 0-0 a5 16. a3 b4 17. axb4 axb4 18. Qf3 bxc3 19. bxc3 Rxa1 20. Rxa1 Qb6 21. Ra2 Rb8 22. Qd1 Bc6 23. g4 g6 24. g5 Bd8 25. Qa1 Qb7 26. Nf3 Ra8 27. Kf2 Rxa2 28. Qxa2 Bc7 29. Qa3 Kf7 30. Ke2 Ke8 31. Kd2 Qb6 32. h4 Qa5 33. Qxa5 Bxa5 34. Bd1 Kd8 35. Nh2 Be8 36. Nf1 Bc7 37. Ng3 Bd6 38. h5 Kc7 39. hxg6 hxg6 40. Nf1 Kb6 41. Nh2 Ka5 42. Nf3 Ba3 43. Bc2 Bd6 44. Kc1 Ba3+ 45. Kb1 Bd6 46. Kb2 Be7 47. Ne5 Bd6 48. Nf3 1/2-1/2

[Event "London Academy final op"]
[Site "London"]
[Date "2014.11.20"]
[Round "3"]
[White "Shepley, Julien M"]
[Black "Krzyzanowski, Patryk"]
[Result "0-1"]
[WhiteElo "1954"]
[BlackElo "1982"]
[PlyCount "86"]
[EventDate "2014.11.19"]
[EventType "swiss"]
[EventRounds "9"]
[EventCountry "ENG"]
[SourceTitle "CBM 163 Extra"]
[Source "ChessBase"]
[SourceDate "2014.12.23"]
[SourceVersion "1"]
[SourceVersionDate "2014.12.23"]
[SourceQuality "1"]

1. e4 c5 2. Nf3 g6 3. g3 Bg7 4. Bg2 Nc6 5. c3 d6 6. 0-0 Nf6 7. Qe2 0-0 8. Rd1 Qc7 9. d4 cxd4 10. cxd4 Bg4 11. h3 Bxf3 12. Qxf3 Nxd4 13. Rxd4 Qxc1+ 14. Rd1 Qxb2 15. Nd2 Rab8 16. Nc4 Qb5 17. Rac1 Rfc8 18. Bf1 Qa4 19. e5 dxe5 20. Nxe5 Qe4 21. Rxc8+ Rxc8 22. Qxe4 Nxe4 23. Ng4 h5 24. Ne3 Nd6 25. Nd5 Kf8 26. a4 e6 27. Ne3 Ke7 28. a5 Rc5 29. a6 bxa6 30. Bxa6 Ra5 31. Bf1 Ra1 32. Rxa1 Bxa1 33. Ba6 Bd4 34. Nc2 Bc5 35. Ne1 Kd7 36. Nd3 Bd4 37. Kg2 Kc7 38. Nb4 Kb6 39. Bd3 a5 40. Nc2 Bc5 41. Kf3 a4 42. Ne3 Bxe3 43. Kxe3 Kc5 0-1

[Event "GBR-ch 98th"]
[Site "Sheffield"]
[Date "2011.08.04"]
[Round "10"]
[White "Krzyzanowski, Patryk"]
[Black "Harvey, Marcus Ross"]
[Result "1/2-1/2"]
[WhiteElo "1996"]
[BlackElo "2206"]
[PlyCount "133"]
[EventDate "2011.07.24"]
[EventType "swiss"]
[EventRounds "11"]
[EventCountry "ENG"]
[SourceTitle "CBM 143 Extra"]
[Source "ChessBase"]
[SourceDate "2011.08.29"]
[SourceVersion "1"]
[SourceVersionDate "2011.08.29"]
[SourceQuality "1"]

1. d4 e6 2. Nf3 f5 3. Bg5 Be7 4. Bxe7 Qxe7 5. Nbd2 Nf6 6. e3 b6 7. Bd3 Bb7 8. c3 c5 9. Qc2 cxd4 10. exd4 0-0 11. 0-0-0 Nc6 12. Kb1 Rac8 13. Qb3 Na5 14. Qc2 Nd5 15. Bf1 Rc7 16. Ka1 Rfc8 17. Rc1 a6 18. Bd3 b5 19. Nb3 Nb4 20. Qb1 Nxb3+ 21. axb3 Nxd3 22. Qxd3 Bd5 23. Nd2 Qd6 24. f3 Qb6 25. Rhe1 a5 26. c4 bxc4 27. bxc4 Qb4 28. Rc3 Bxc4 29. Qc2 a4 30. d5 exd5 31. Qxf5 a3 32. Qc2 axb2+ 33. Qxb2 Ra8+ 34. Kb1 Qxb2+ 35. Kxb2 Ra2+ 36. Kc1 Ra1+ 37. Nb1 d4 38. Ra3 Bd3+ 39. Kd2 Rxb1 40. Rxd3 Rb2+ 41. Kd1 Rxg2 42. Rd2 Rxd2+ 43. Kxd2 Rc3 44. f4 Re3 45. Rg1 Rf3 46. Rg4 Kf7 47. Ke2 Rh3 48. Rg5 Rxh2+ 49. Kd3 Rf2 50. Ke4 d3 51. Ke3 d2 52. Rd5 Rh2 53. Rxd7+ Ke6 54. Rd4 h5 55. Kf3 h4 56. Kg4 g6 57. Rd8 Re2 58. Kf3 Re1 59. Rxd2 Rg1 60. Rh2 Rg3+ 61. Ke4 h3 62. f5+ gxf5+ 63. Kf4 Rg4+ 64. Kf3 Rh4 65. Kg3 Rh8 66. Kf4 Kf6 67. Rxh3 1/2-1/2

[Event "GBR-ch 98th"]
[Site "Sheffield"]
[Date "2011.08.03"]
[Round "9"]
[White "Haria, Ravi"]
[Black "Krzyzanowski, Patryk"]
[Result "0-1"]
[WhiteElo "2073"]
[BlackElo "1996"]
[PlyCount "96"]
[EventDate "2011.07.24"]
[EventType "swiss"]
[EventRounds "11"]
[EventCountry "ENG"]
[SourceTitle "CBM 143 Extra"]
[Source "ChessBase"]
[SourceDate "2011.08.29"]
[SourceVersion "1"]
[SourceVersionDate "2011.08.29"]
[SourceQuality "1"]

1. e4 c5 2. Nf3 g6 3. d4 cxd4 4. Qxd4 Nf6 5. e5 Nc6 6. Qa4 Nd5 7. Qe4 Nc7 8. Nc3 a6 9. Bf4 Ne6 10. Be3 b5 11. 0-0-0 Qa5 12. Kb1 Bg7 13. Nd5 Rb8 14. h4 Qa4 15. Qd3 Nb4 16. Nxb4 Qxb4 17. h5 Nc5 18. Bxc5 Qxc5 19. hxg6 hxg6 20. Rxh8+ Bxh8 21. e6 d6 22. exf7+ Kxf7 23. Re1 Bf6 24. Qb3+ Kg7 25. Bd3 Bb7 26. Qe6 Bxf3 27. gxf3 Qd4 28. Qb3 Qxf2 29. Rf1 Qd4 30. Be4 b4 31. c3 Qe5 32. Rg1 g5 33. Rh1 d5 34. Rh7+ Kg8 35. Rh5 bxc3 36. Qxd5+ Qxd5 37. Bxd5+ Kg7 38. b3 Rd8 39. Be4 Rd1+ 40. Kc2 Rd2+ 41. Kb1 Rb2+ 42. Kc1 Rxa2 43. Rh7+ Kg8 44. Rh1 Rb2 45. Rg1 Kf8 46. Bd5 Be5 47. Be4 Bf4+ 48. Kd1 Rd2+ 0-1

[Event "GBR-ch 98th"]
[Site "Sheffield"]
[Date "2011.07.30"]
[Round "6"]
[White "Krzyzanowski, Patryk"]
[Black "O'Toole, George E"]
[Result "0-1"]
[WhiteElo "1996"]
[BlackElo "2185"]
[PlyCount "120"]
[EventDate "2011.07.24"]
[EventType "swiss"]
[EventRounds "11"]
[EventCountry "ENG"]
[SourceTitle "CBM 143 Extra"]
[Source "ChessBase"]
[SourceDate "2011.08.29"]
[SourceVersion "1"]
[SourceVersionDate "2011.08.29"]
[SourceQuality "1"]

1. d4 Nf6 2. c4 c5 3. d5 b5 4. cxb5 a6 5. b6 d6 6. Nc3 g6 7. e4 Bg7 8. Qb3 Bb7 9. a4 a5 10. Bb5+ Nbd7 11. f4 0-0 12. Nf3 Nxb6 13. h3 Qc7 14. Be3 Nh5 15. Kf2 f5 16. exf5 c4 17. Qc2 Nxd5 18. Nxd5 Bxd5 19. g4 Nf6 20. Rhd1 gxf5 21. g5 Ne4+ 22. Kg1 Nc3 23. bxc3 Bxf3 24. Rd2 Rac8 25. Rc1 e5 26. Rf2 Be4 27. Qd2 d5 28. Re1 exf4 29. Bxf4 Qb7 30. h4 Rfd8 31. Be3 Be5 32. Bf4 Bxf4 33. Rxf4 Qb6+ 34. Kh2 Qc5 35. Rd1 Rd6 36. Qd4 Qxd4 37. Rxd4 Kf7 38. Kg3 Ke6 39. Rf2 Ke5 40. h5 Rg8 41. Kh4 Rb6 42. Rf1 Rb7 43. Rg1 Rbg7 44. Bc6 f4 45. g6 hxg6 46. Rg5+ Bf5 47. Rxd5+ Kf6 48. Rxa5 Rd8 49. Bd5 Rgd7 50. Bxc4 Rd1 51. Ra6+ Kg7 52. h6+ Kh7 53. Rxf5 gxf5 54. Kg5 f3 55. Bf7 f2 56. Ra7 R1d7 57. Rxd7 Rxd7 58. Bc4 Rc7 59. Bb5 Rxc3 60. Kxf5 f1Q+ 0-1

[Event "GBR-ch 97th"]
[Site "Canterbury"]
[Date "2010.07.30"]
[Round "5"]
[White "Combie, Alexander"]
[Black "Krzyzanowski, Patryk"]
[Result "1-0"]
[WhiteElo "2018"]
[BlackElo "2030"]
[PlyCount "81"]
[EventDate "2010.07.26"]
[EventType "swiss"]
[EventRounds "11"]
[EventCountry "ENG"]
[SourceTitle "CBM 137 Extra"]
[Source "ChessBase"]
[SourceDate "2010.09.01"]
[SourceVersion "1"]
[SourceVersionDate "2010.09.01"]
[SourceQuality "1"]

1. d4 Nf6 2. c4 g6 3. Nc3 d5 4. cxd5 Nxd5 5. e4 Nxc3 6. bxc3 Bg7 7. Nf3 c5 8. Rb1 b6 9. Bb5+ Bd7 10. Be2 Bc6 11. Qd3 0-0 12. 0-0 Qc7 13. d5 Rd8 14. c4 Bb7 15. Bb2 e5 16. Qc2 Na6 17. a3 Qe7 18. Ne1 Nc7 19. Nd3 Ne8 20. f4 f6 21. fxe5 fxe5 22. Bg4 Bc8 23. Bxc8 Raxc8 24. Bc1 Nd6 25. Nf2 Rf8 26. Bd2 Rf7 27. Nh3 Rcf8 28. Rxf7 Qxf7 29. Be3 h6 30. Nf2 Qe7 31. a4 Qb7 32. Bxc5 Qc7 33. Bxd6 Qxd6 34. Nd3 Bf6 35. c5 bxc5 36. Qxc5 Qd7 37. Qc6 Qg4 38. d6 Qe2 39. Qd5+ Kh8 40. Nxe5 Kh7 41. Nd7 1-0